Normal view
MARC view
Entry Personal Name
001 - CONTROL NUMBER
- control field: 55933
003 - CONTROL NUMBER IDENTIFIER
- control field: dpl
005 - DATE AND TIME OF LATEST TRANSACTION
- control field: 20230905134838.0
008 - FIXED-LENGTH DATA ELEMENTS
- fixed length control field: 230905|| aca||aabn | a|a d
040 ## - CATALOGING SOURCE
- Original cataloging agency: dpl
- Transcribing agency: dpl
100 ## - HEADING--PERSONAL NAME
- Personal name: पाण्डेय कल्पना
670 ## - SOURCE DATA FOUND
- Source citation: Work cat.: (dpl)197838: पाण्डेय कल्पना , अनावरण /, 2021
